=LDR 00000nam 2200000 4500 =001 INLIS000000000003170 =005 20250220022426 =035 ##$$a 0010-0225000460 =007 ta =008 250220###########################0#ind## =020 ##$$a - =082 ##$$a 352.6 =084 ##$$a 352.6 BAD p =245 1#$$a PETUNJUKTEHNIS CARA PEMERIKSAAN BERKAS MUTASI PEGAWAI Dl LINGKUNGAN BKKBN : $b - /$c Badan Koordinasi Keluarga Berencana Nasional =250 ##$$a - =260 ##$$a Jakarta :$b Badan Koordinasi Keluarga Berencana Nasional,$c 1989 =300 ##$$a 93 halaman : $b ilustrasi ; $c 21 cm$e - =110 #$$a Badan Koordinasi Keluarga Brencana Nasional